[Event "Match 78__120'/40"]
[Site "Zurich"]
[Date "2024.??.??"]
[Round "4"]
[White "Mephisto Polgar sel. 5"]
[Black "Saitek D+ EGR 10 MHz"]
[Result "1/2-1/2"]
[WhiteElo "1991"]
[BlackElo "1992"]
[Annotator "Utzinger,K"]
[PlyCount "105"]
[EventDate "2024.05.22"]
[EventType "match"]
[SourceVersionDate "2024.04.21"]

{[%evp 0,105,27,33,28,33,35,4,52,20,20,6,27,-9,3,-26,-29,-21,-15,-15,-8,0,-11,-21,0,-57,-20,-44,-44,-44,-44,-50,-22,-22,-22,-17,-16,-21,-23,-23,-26,-53,-42,-42,-54,-49,-51,-72,-72,-67,28,-79,27,-110,-101,-120,-104,-104,0,0,0,8,-10,-10,16,0,20,0,0,-18,-19,-50,-39,-34,-40,-18,-12,-17,-9,-33,-36,-44,-44,-37,-50,-51,-36,-72,46,63,63,50,84,84,87,89,83,44,90,83,83,90,83,83,83,83,91,91]} 1. e4 e6 {Match 120'/40 | Bediener: Rolf Bühler | 4. Partie: remis | Zwischenstand: 2,5-1,5 (62,5%) für Mephisto Polgar / hypothetisch: 2,0-2,0 (50%) Gleichstand) | Eröffnung: Französische Verteidigung, Tarrasch Variante mit 3...a6 | Frühzeitig bietet der Mephisto Polgar (Weiss) den Damentausch. Suboptimales Spiel führt dann dazu, dass das Schröder-Programm um den Ausgleich kämpfen muss. Die aus Sicht der Kontrahenten ruhige Partie endet schliesslich mit Remis durch 3-fache Zugwiederholung. Die im 25. Zug plötzlich auftauchenden Chancen für den Saitek D+ sind für unsere Oldies nicht greifbar.} 2. d4 d5 3. Nd2 a6 {***ENDE BUCH*** = (0.27) (54%) Diese Fortsetzung stammt von Bogoljubow. Schwarz plant, c7-c5 zu spielen, ohne mit dem Läuferschach auf b5 rechnen zu müssen. Diese Vorsichtsmassnahme kostet jedoch ein nicht unwichtiges Tempo (Dr. Max Euwe: Theorie der Schacheröffnungen).} 4. e5 {***ENDE BUCH*** = (0.16) (52%) Mit 4.e5 versucht Weiss mit einer abgeänderten Vorstossvariante zu beweisen, dass 3...a6 ein Tempoverlust darstellt. Die Engines sind davon aber nicht überzeugt. Und alle Top Spieler scheinen diese Ansicht zu teilen. So habe ich nur 3 Partien von Spielern leicht über 2500 Elo gefunden, die sich für 4.e5 entschieden haben.} (4. Ngf3 {was die Spannung aufrechterhält, ist die üblichste Fortsetzung.} c5 {und die Theorie attestiert Weiss nicht mehr als einen geringen Anzugsvorteil. Die Engines sehen das ebenfalls so. Mit anderen Worten: 3...a6 ist eine durchaus valable Option für die Schwarzspieler.}) (4. Bd3 {steht ebenfalls hoch im Kurs} c5 {und auch hier hat Weiss einen geringen Anzugsvorteil.}) 4... c5 5. c3 Qb6 {Da noch unsicher ist, wo die schwarze Dame am besten steht, würde ich als Französisch Spieler die Entwicklung mit 5...Sc6 bevorzugen.} 6. Ne2 {Verstellt den Läufer. Ohne Frage verdient hier 6.Sdf3 den Vorzug. Und erst nach Entwicklung des Läufers auf f1 geht der andere Springer nach e2.} Nc6 7. Qb3 {Als Nachziehender würde mich dieses Angebot für den Damentausch freuen, denn die Gefahr eines Königsangriffs ist damit vom Tisch.} Qxb3 8. Nxb3 cxd4 9. cxd4 Nb4 $11 {Schwarz hat mit Leichtigkeit ausgleichen können. Und die Doppeldrohung ...Sc2+ und ...Sd3+ zwingt den weissen König nach d2, wo der Lc1 an der Entwicklung behindert wird.} 10. Kd2 Bd7 11. Nc3 Ne7 {Eine mindestens gleichwertige Alternative stand mit 11...f6 zur Verfügung.} 12. h4 {Ein hier wenig passender Alpha Zero Vorstoss. Um seinen König endlich befreien zu können, sollte Weiss mit 12.a3 vorerst den lästigen Springer auf b4 vertreiben.} Rc8 {Auch 12...f6 kam in Frage.} 13. Be2 {Wieder war 13.a3 die zu präferierende Fortsetzung.} f6 $15 14. exf6 gxf6 15. Bh5+ {Interessant ist 15.g4. Das verweigert dem schwarzen Springer das Feld f5. Und sollte sich Schwarz einmal zu h7-h5 entscheiden, kann es zu einem weissen Freibauern auf der h-Linie kommen.} Ng6 {Die modernen Engines bevorzugen 15...Kd8 und lassen den weissen Läufer ohne Wirkung auf h5 mangels einer konkreten Wirkung "verhungern".} 16. a3 Nc6 17. Re1 (17. Rd1 {nebst Ke1 vermag besser zu gefallen: der Bauer d4 ist gedeckt, der Lc1 erhält wieder freie Bahn und der bislang an die Deckung gebundene Sb3 wird wieder frei.}) 17... Be7 18. f4 {Weiss wappnet sich gegen ein künftiges ...e5 von Schwarz.} f5 {Beugt dem lästigen Vorstoss f4-f5 vor.} 19. g3 O-O $11 {Die Stellung befindet sich nun wieder im Gleichgewicht.} 20. Bf3 Bf6 21. Kd3 {Befreit den Sb3 von der lästigen Deckung des Bauern d4.} b6 {Verwehr dem weissen Ross das Feld c5.} 22. Bd2 Nge7 23. Re3 {Der Zweck dieses Manövers bleibt im Dunkeln.} Bg7 {Das soeben Gesagte trifft ebenfalls auf diesen Zug zu. Aus meiner Sicht kann Schwarz zwei sinnvolle Pläne anstreben, die man von unseren Oldies nicht erwarten dürfen.} (23... Kh8 {erlaubt a) ...Tg8 mit Druck auf der g-Linie oder b) ...Sg8 und die Umgruppierung Le7 (Lg7) nebst ...Sg8-f6-e4(g4)}) (23... Nd8 {mit der Idee ...Sd8-f7-d6-e4 folgen zu lassen.}) 24. Rae1 {Hat Weiss einen Plan?} Rc7 {Schwarz hat keinen Plan.} {[#]} 25. h5 $2 $19 {[%mdl 2] Ebenfalls planlos bzw. gar schlecht. Nach diesem sinnfremden Vorstoss sinkt der Erwartungswert für Weiss von 50% auf -/+ (-0.98 ++) 26% (+0% =53% -47%) Depth: 45/68. Nun erhält Schwarz reale Gewinnchancen. Dabei hätte das Schröder-Programm mit dem aktiven und überraschenden 25.Txe6 ausgleichen können.} (25. Rxe6 $5 Bxe6 26. Rxe6 $16 {und Weiss steht mit seinem zum Leben erwachten Figuren leicht besser. Ob es aber gelingen wird, daraus mehr zu machen, muss offenbleiben.}) 25... a5 $2 {[%mdl 32768] Schwarz ergreift die günstige Gelegenheit nicht für eine gewinnbringende Stellung. Die Varianten der Fortsetzungen 25...Sd8 oder 25...Kf7 sind indessen ungebührlich zu tief für unsere Oldies.} ({Beast 15 MPV-avx2:} 25... Nd8 26. R3e2 h6 27. Na1 Kh7 28. Be3 Ng8 29. g4 fxg4 30. Bxg4 Nf6 31. Bf3 Nf7 32. Bc1 Re8 33. Kc2 Nd6 34. Kb1 Nb5 35. Nxb5 Bxb5 36. Rg2 Bd3+ 37. Ka2 a5 38. Be3 Bc4+ 39. Kb1 a4 40. Bd1 Bd3+ 41. Ka2 b5 42. Nc2 Be4 43. Rh2 Bf5 44. Nb4 Ng4 45. Rd2 Rec8 46. Bg1 Nf6 47. Nd3 Ne4 48. Rh2 Nc3+ 49. bxc3 Bxd3 $19 {und gewinnt}) ({Beast 15 MPV-avx2:} 25... Kf7 26. R3e2 h6 27. Rg2 a5 28. Ke3 Na7 29. g4 Nac8 30. g5 Nd6 31. Be2 Bh8 32. g6+ Kg8 33. a4 Nc4+ 34. Kf3 Nc8 35. Nb5 Bxb5 36. axb5 Nxb2 37. Bf1 Nc4 38. Rxe6 N8d6 39. Bxc4 dxc4 40. Nxa5 Nxb5 41. Rxb6 Nxd4+ 42. Kf2 c3 43. Be3 Rd8 44. Nb3 Bg7 45. Nxd4 Bxd4 46. Bxd4 Rxd4 47. Ke3 Re4+ 48. Kd3 Rxf4 49. Rh2 Kg7 50. Kc2 $2 (50. Re6 $11) 50... Ra4 51. Kd3 Rg4 52. Re2 Rg5 {[%eval -90,47] [%wdl 0,617,383]}) 26. Rc1 $6 $17 {Es geht besser.} (26. Rxe6 $5 Bxe6 27. Rxe6 Rd7 28. Na4 Kf7 (28... b5 $2 29. Nac5 Rc7 30. h6 Bh8 (30... Bf6 31. Bxa5 $18) 31. Nxa5 $18) 29. Nxb6 Rb7 30. Rxc6 Nxc6 31. Bxd5+ Ke7 $1 32. Nxa5 (32. Bxc6 {oder} Rxb6 33. Nxa5 Rxb2 34. Bb4+ Kf6 35. Bxf8 Bxf8 $11) 32... Rxb6 33. Nxc6+ Kd6 34. Bf3 Rxb2 35. Bb4+ Kc7 36. Bxf8 Bxf8 37. a4 $11) 26... Ra8 {Stärker waren 26...Tfc8 oder 26...Sa7} 27. Ree1 a4 28. Nb5 Ne5+ $6 {[%mdl 32768] Verlockend, aber damit geht der Vorteil von Schwarz verloren.} (28... Rcc8 29. Na1 e5 $3 30. Ke3 (30. fxe5 $2 Nb4+ 31. Bxb4 Bxb5+ 32. Ke3 Rxc1 33. Rxc1 Bh6+ 34. Kf2 Bxc1 $19) (30. dxe5 Nxe5+ 31. fxe5 Bxb5+ 32. Kd4 f4 $1 $19) 30... exd4+ (30... e4 $2 31. Be2 $15) 31. Kf2 d3 $17) 29. dxe5 Rxc1 (29... Bxb5+ 30. Ke3 $11) 30. Nxc1 Bxb5+ 31. Ke3 Rc8 32. Be2 Be8 (32... Bc4 {ist eine starke Alternative.} 33. Rd1 b5 $11) 33. Bb4 Nc6 34. Bd6 Na5 $11 {Die Lage hat sich beruhigt.} 35. Kd2 Rc6 36. Rh1 Rxd6 $5 {Bringt wieder Spannung aufs Brett. Ansonsten war auch 36...Lf8 gut genug für den Ausgleich.} 37. exd6 Bxb2 38. Ba6 {Kein Fehler: Plant Lc8 und dann d7. Schwarz hat aber eine genügende Verteidigung.} Bxa3 39. Bc8 Nc4+ 40. Kd3 Nxd6 41. Bxe6+ Bf7 42. Bd7 b5 43. Kd4 Kf8 (43... Bb2+ 44. Kc5 Ne4+ 45. Kxb5 a3 46. Kb4 Nf2 (46... Nxg3 47. Rg1 Kf8 $11 {denn} 48. Rxg3 $2 {scheitert an} Bxc1 49. Rg1 Bb2 50. Kb3 d4+ 51. Kc2 h6 52. Ba4 d3+ 53. Kxd3 a2 $19) 47. Rf1 Bxc1 48. Rxf2 d4 49. Rc2 (49. Bxf5 $2 a2 $19) 49... Bb2 50. Rxb2 axb2 51. Bxf5 Ba2 52. Kc5 b1=Q 53. Bxb1 Bxb1 54. Kxd4 $11) 44. Nd3 Ke7 45. Bc6 Ne4 46. Bxb5 Nxg3 47. Ra1 Bd6 48. Rxa4 Nxh5 49. Ra7+ Kf6 50. Ra6 Ke7 51. Ra7+ Kf6 52. Ra6 Ke7 53. Ra7+ {***3x REMIS***} 1/2-1/2

[Event "Match 78__120'/40"]
[Site "Zurich"]
[Date "2024.??.??"]
[Round "5"]
[White "Saitek D+ EGR 10 MHz"]
[Black "Mephisto Polgar sel. 5"]
[Result "1-0"]
[WhiteElo "1992"]
[BlackElo "1991"]
[Annotator "Utzinger,K"]
[PlyCount "130"]
[EventDate "2024.05.22"]
[EventType "match"]
[SourceVersionDate "2024.04.21"]

{[%evp 0,130,16,16,33,24,27,3,23,17,18,31,18,15,25,12,7,15,45,4,43,-4,-20,8,-26,-2,15,-46,-51,-48,-37,-39,-22,-31,-10,-2,5,11,30,20,32,44,143,49,49,19,76,107,123,4,15,8,56,41,78,59,64,55,52,15,33,24,66,104,43,43,103,73,87,67,55,69,111,82,154,144,224,220,256,196,196,190,186,102,284,329,359,369,649,425,645,669,761,791,791,884,1222,1300,1300,1324,1324,739,793,791,824,797,827,842,843,857,859,864,872,875,876,879,901,868,1083,1078,1100,1077,1187,1334,29989,1165,29983,29986,29987,29988,29989,29990,29991]} 1. d4 Nf6 {Match 120'/40 | Bediener: Rolf Bühler | 5. Partie: Weiss (Saitek D+) gewinnt | Zwischenstand: 2,5-2,5 (50%) Gleichstand / hypothetisch: 3,0-2,0 (60%) für Saitek D+ | Eröffnung: Slawische Verteidigung, Tausch-Variante | In einer ungemein schwierigen Partie hat der Saitek D+ am Ende zu Recht die Nase vorn und vermag den Gleichstand im Match herzustellen.} 2. Nf3 d5 3. c4 c6 4. cxd5 cxd5 5. Nc3 Nc6 6. Bf4 Bf5 7. e3 e6 8. Bb5 Nd7 9. Qa4 Rc8 10. O-O a6 11. Bxc6 Rxc6 12. Rfc1 Be7 {***ENDE BUCH*** = (0.00) (50%)} 13. Nd1 b5 14. Qb3 {***ENDE BUCH*** = (-0.25 --) (48%)} Rc4 15. a4 $6 {Das sollte zu leichtem Vorteil von Schwarz ausschlagen. Die Fortsetzung 15.Sd2 führt zu einem interessanten Remis durch dreifache Zugwiederholung.} (15. Nd2 {ist ausgeglichen} Qa5 16. Nc3 Rb4 17. Qa3 Ra4 18. Qb3 Rb4 19. Qa3 Ra4 20. Qb3 Rb4 {½-½ (20) Rustemov,A (2547)-Rychagov,A (2549) Novokuznetsk 2008}) 15... g5 16. Bg3 (16. Be5 f6 17. Bg3 Qc8 18. Rxc4 $6 (18. Nc3 $15) 18... dxc4 $6 (18... bxc4 $1 $17) 19. Qc3 b4 20. Qd2 a5 (20... Qc6 $1 $17) 21. d5 $2 {VERLUSTZUG} (21. Rc1 $1 $15) 21... Nc5 $19 22. Nd4 exd5 23. f3 O-O 24. Nf2 Bg6 25. h4 h6 26. Qe2 Qd7 27. f4 Bd6 28. Qf3 Ne4 29. Nxe4 Bxe4 30. Qf2 Qg4 31. Kh2 Rf7 32. Qe2 Qxe2 33. Nxe2 c3 34. b3 gxh4 35. Bxh4 Bc5 36. Bf2 Bc2 37. Nc1 Re7 38. Ra2 Bd1 {0-1 (38) Hass,R (2330)-Tischbierek,R (2485) Berlin East 1988}) 16... g4 $6 {Vergibt seinen geringen Vorteil.} (16... Qc8 $1 17. Nc3 b4 18. Nd2 O-O $15) 17. Nd2 Rb4 18. Qc3 Rxa4 19. Rxa4 bxa4 20. Qc6 {[#]} Bd3 $2 $18 {[%mdl 2] Verlustzug statt 20...0-0 ausgeglichen.} 21. Qxa4 $2 {Nutzt seine Chance nicht.} (21. Qb7 $1 {+- (2.57 ++) (100% +100% =0% -0%) Depth: 40/69 White has a decisive advantage}) 21... Bb5 {Stärker war es, endlich die kurze Rochade auszuführen.} 22. Qb3 f5 $6 {Wiederum wäre es Zeit für die kurze Rochade gewesen.} 23. Nc3 Qc8 $2 $18 {[%mdl 2] Nicht die beste Verteidigung, die in 23...Lc6 bestand.} 24. Ne2 $2 {[%mdl 32768] Offenbar ist der Gewinnzug 24.e4!! für unsere Oldies ein "Fremdwort".} (24. e4 $3 fxe4 (24... dxe4 $2 25. Qxe6) (24... O-O 25. exf5 Rxf5 (25... exf5 26. Qxd5+ Rf7 27. Re1 $18) 26. Qd1 $18) (24... Nf6 25. exf5 exf5 26. Re1 Bc4 27. Nxc4 dxc4 28. Qb4 Ne4 29. Bd6 $1 $18) 25. Qd1 $1 $18 {und die schwarze Stellung fällt auseinander wegen der Drohungen Dxg4 und Sxd5.} Bc6 26. Nb3 $1 {Gar noch stärker als 26.Dxg4 Sf6.} Kf7 27. Na5 Ba8 28. Nxe4 dxe4 29. Rxc8 Rxc8 30. h4 $18 {wobei die technische Verwertung für unsere Oldies alles andere als einfach wäre.}) 24... Qa8 $1 {Diese Verteidigung leistet am meisten Widerstand.} 25. Nf4 {[#]} Nf8 $2 $18 {[%mdl 2] Ungenügend, aber in dieser komplexen Stellung tun sich wohl beide Programme schwer. Nach dem Textzug sollte Weiss wieder gewinnen.} (25... Kf7 {und Weiss hätte einen schweren Weg vor sich, seinen spürbaren Vorteil siegreich zu verwerten. Dies insbesondere, weil Weiss nur mit der überraschenden Fortsetzung} 26. e4 $3 $16 {versuchen könnte, zum Erfolg zu kommen.}) 26. Rc3 $16 {Selbst mit diesem zweit- bis drittklassigen Zug bleibt Weiss noch im Vorteil.} Bd8 $2 $18 {[%mdl 2] Erneut stürzt Schwarz in den Verlust.} 27. Nh5 $6 $16 {[%mdl 32768] Und wieder geht Weiss am Gewinn mit 27.e4! vorbei. Aber selbst jetzt steht Schwarz noch klar schlechter.} Ng6 28. Bd6 Qb7 29. Rc2 $2 $14 {Vorteil ade, aber die verrückte Variante mit 29.h3 ist weder für Mensch wie auch für unsere Oldies verdaubar.} ({Beast 15 MPV-avx2:} 29. h3 $1 {+- (2.15 ++) (100% +100% =0% -0%) Depth: 41/61 White is clearly better}) 29... h6 30. Rc1 Rh7 $2 {Schlecht, richtig war die Verteidigung mit 30...Dd7.} 31. e4 {Mehrmals hat der Saitek D+ diesen Zug schon verpasst, weshalb man erstaunt ist, dass er nun doch noch zur Ausführung gelangt.} Rf7 {Gemäss den Engines ist 31...Lg5 am besten. Und wie schon fast üblich, war das durch unsere Oldies nicht zu erkennen, zumal eine mögliche Variante ohne stundenlange Analyse höchst undurchsichtig bleibt.} (31... fxe4 $2 {trifft auf die Widerlegung} 32. Nxe4 $1 {denn nach} dxe4 33. Qxe6+ {gewinnt Weiss.}) (31... Bg5 {Beast 15 MPV-avx2:} 32. h4 Nxh4 33. Bf4 Re7 34. Qg3 dxe4 35. Bxg5 hxg5 36. Qe5 Ng6 37. Qf6 Nf8 38. Rc5 {+- (2.66) 100% (+100% =0% -0%) Depth: 41/77 White has a decisive advantage}) 32. exf5 Rxf5 33. Ng3 (33. Qe3 {geht auch und scheint gar stärker wegen} Rxh5 $2 34. Qxe6+ Ne7 35. Re1 Rg5 36. Nb3) 33... Rf6 34. Qe3 Qd7 35. Bb8 Ne7 (35... Rf8 {leistet mehr Widerstand +/- (1.29) 90% (+80% =20% -0%) Depth: 41/70 White is better}) 36. Bf4 $16 {Auch so steht Weiss noch deutlich besser, während 36.Sh5! ein Gewinnzug wäre.} ({Beast 15 MPV-avx2:} 36. Nh5 {3.09(100%)/40} Nf5 37. Qe1 Rf8 38. Nb3 Qe7 39. Be5 Qh7 40. Nc5 Kf7 41. Nb7 Bb6 42. Bc7 Bxd4 43. Nd8+ Rxd8 44. Bxd8 Bd7 45. Rc7 Ke8 46. Bf6 Qg6 47. Ng7+ Nxg7 48. Bxd4 Nf5 49. Be5 Ne7 50. Rc3 Nf5 51. Rc1 Qg5 52. Rd1 Kf7 53. Qc3 Bb5 54. Qc7+ Qe7 55. Qb6 Qg5 56. Bc3 h5 57. Qc7+ Qe7 58. Qe5 Qd8 59. Re1 Bd7 60. g3 h4 61. Qf4 h3 {[%eval 309,40] [%wdl 1000,0,0]}) 36... Ng8 $2 {In 36...Sc6 bestand eine günstigere Verteidigung.} 37. Nb3 {Auch 37.De5 gewinnt.} Bb6 38. Nc5 {Und auch hier führen schon verschiedene Wege nach Rom.} Qe7 39. Qe5 Rg6 40. Nh5 Kf7 {Selbst der Tausch des lästigen Springers mit 40...Lxc5 rettet nicht mehr.} 41. Be3 $2 {Wirft einen Teil seines Vorteils weg. Der stille Zug 41.g3! brächte Schwarz in eine Art Zugzwang, indem er seine Figuren nur noch schlechter aufstellen kann.} Bc7 $2 {[%mdl 2] Nach diesem Fehlzug gerät Schwarz endgültig in eine absolut trostlose Situation und die weissen Figuren fallen wie Heuschrecken über die schwarze Stellung her. Einzig mit 41...Sf6 war noch Widerstand möglich.} ({Beast 15 MPV-avx2:} 41... Nf6 {1.25 (91%) +82% =18% -0%} 42. Nf4 Rg5 43. Qxe6+ Qxe6 44. Ncxe6 Rg8 45. Nc7 Rc8 46. Nxb5 Rxc1+ 47. Bxc1 axb5 48. Be3 Bc7 49. Ne2 h5 50. g3 Ke6 51. Kg2 Ng8 52. Bf4 Ba5 53. f3 Ne7 54. h3 gxh3+ 55. Kxh3 Ng6 56. g4 hxg4+ 57. fxg4 Kf6 58. Bc1 Be1 59. Be3 Ke6 60. Nc1 Ba5 61. Kg2 Kf6 62. Nd3 Bc7 63. Nb4 Ne7 64. Bf2 Ke6 65. Bh4 Ng6 66. Bg3 Ba5 67. Nd3 Ne7 68. Kf3 Nc6 69. Nf4+ Kd6 70. Bf2 Bd8 71. Be3 Nb4 72. Ng2 Nc2 73. Ke2 Ke6 74. Nf4+ Kd6 75. Kd3 Ne1+ 76. Kd2 Nf3+ 77. Ke2 Nh2) {[#]} 42. Nd7 $1 $18 {Ein wirklich schöner Zug des Programms von Julio Kaplan.} Bd6 (42... Bxe5 43. Nxe5+ Ke8 44. Rc8+ Qd8 45. Rxd8+ Kxd8 46. Nxg6 $18) 43. Qh8 {Das erobert weiteres Material, so dass die Entscheidung gefallen ist.} Bxh2+ {Dieses Schlagen zeugt von tiefster und berechtigter Verzweiflung.} 44. Kh1 {Auch 44.Kxh2 gewinnt problemlos.} Qxd7 45. Qh7+ Kf8 46. Qxg6 Qf7 47. Bxh6+ Ke7 48. Bg5+ Kf8 49. Rc8+ Be8 50. Qxf7+ Kxf7 51. Kxh2 $18 {Nun besitzt Weiss einen ganzen Turm mehr. Der Rest bedarf deshalb keiner Kommentare mehr.} Bb5 52. Kg3 Kg6 53. Kh4 Nh6 54. Nf4+ Kg7 55. Rc7+ Nf7 56. Nxe6+ Kg8 57. Kxg4 Be2+ 58. Kf5 Bd3+ 59. Kf6 Nd6 60. Ke5 Nc4+ 61. Kxd5 Nxb2 62. f4 Nd1 63. Bf6 Ne3+ 64. Kc5 Nf5 65. g4 Bc4 {***AUFGEGEBEN***} 1-0